Gare SNCF des pays de la loire - Statistiques

Statistiques générales
  • Ce quiz a été pris 57 fois
  • Le résultat moyen est 83 sur 196
Statistiques - réponses
Reponse % Correct
Nantes
98%
La Roche sur Yon
84%
Le Mans
84%
Ancenis
82%
Cholet
82%
La Roche sur Yon
82%
Saint-Nazaire
82%
Saumur
82%
Laval
80%
Les Sables-d’Olonne
80%
Pornic
78%
Savenay
73%
Châteaubriant
69%
Le Croisic
69%
Nort-sur-Erdre
69%
La Baule Escoublac
67%
Sablé-sur-Sarthe
67%
Challans
64%
Clisson
62%
Luçon
58%
St-Gilles-Croix-de-Vie
58%
Saint-Nazaire
56%
Pornichet
53%
Rezé-Pont-Rousseau
53%
Sucé-sur-Erdre
51%
La Baule les pins
49%
Angers St-Laud
47%
Haluchère-Batignolles
44%
Le Pouliguen
44%
Ste-Pazanne
44%
Batz-sur-Mer
42%
Couëron
40%
Montaigu
40%
Bouaye
38%
La Chapelle-Centre
38%
Pontchâteau
38%
Mauves-sur-Loire
33%
Olonne-sur-Mer
33%
Port-St-Père-St-Mars
33%
Thouaré-sur-Loire
33%
Angers - Maître Ecole
31%
Château-du-Loir
31%
Chemillé
31%
Le Cellier
31%
St Etienne-de-Montluc
31%
Abbaretz
29%
Babinière
29%
Basse Indre St Herblain
29%
Chantenay
29%
Cordemais
29%
Donges
29%
Erdre active
29%
La Bernerie
29%
La Chapelle-Aulnay
29%
La Possonnière
29%
Machecoul
29%
Oudon
29%
Saint-Sébastien Pas-Enchanté
29%
Ingrandes-sur-Loire
27%
La Mothe-Achard
27%
Varades St-Florent-le Vieil
27%
Belleville Vendée
24%
Chalonnes-sur-Loire
24%
Issé
24%
St-Hilaire-de-Riez
24%
Bourgneuf-en-Retz
22%
Champtocé-sur-Loire
22%
La Suze
22%
Le Pallet
22%
Les Moutiers-en-Retz
22%
Montoir de Bretagne
22%
Sablé-sur-Sarthe
22%
Saint-Sébastien Frêne-Rond
22%
Savennières-Béhuard
22%
Sévérac
22%
St-Hilaire-de-Chaléon
22%
Cugand
20%
La Ferté-Bernard
20%
Penhoët
20%
St Etienne-de-Montluc
20%
Tiercé
20%
Torfou Tiffauges
20%
Trélazé
20%
Chantonnay
18%
Etriché-Chateauneuf
18%
Evron
18%
La Croix de Méan
18%
La Haye-Fouassière
18%
La Ménitré
18%
Les Rosiers-sur-Loire
18%
Le Vieux - Briollay
18%
L’Hebergement Les-Brouzils
18%
Pouzauges
18%
Sillé-le-Guillaume
18%
St-Gildas-des-Bois
18%
Boussay-la-Bruffiére
16%
Ecommoy
16%
Noyen
16%
Savennières-Béhuard
16%
Connerré-Beillé
13%
La Chaize-le-Vicomte
13%
Montreuil-Bellay
13%
Voivres
13%
Arnage
11%
Bournezeau
11%
Conlie
11%
Domfront-en-Champagne
11%
Fougeré
11%
La Bohalle
11%
Monfort-le Gesnois
11%
Sceaux-Boëssé
11%
St-Pierre-la-Cour
11%
Vaas
11%
Voutré
11%
Champagné
9%
La Guierche
9%
Le Mans - Hôpital-Université
9%
Montsûrs
9%
Neau
9%
St-Mars-la-Brière
9%
Aubigné-Racan
7%
La Hutte-Coulombiers
7%
Laigné-St-Gervais
7%
Mayet
7%
Montbizot
7%
Neuville-sur-Sarthe
7%
Port-Brillet
7%
Vivoin-Beaumont
7%
Le Genest
4%
Morranes
4%
Teillé
4%
George
2%
Fréffeac
0%
St-Marthurin
0%
Vetrou
0%
Aucun quiz correspondant
Distribution des résultats
% des personnes avec chaque résultat
Percentile par nombre de réponses
Votre historique - résultats
Vous n’avez pas pris ce quiz